000 00711cab a2200193 4500
001 ABS42777
008 090401t1990 xxu||||| |||| 00| 0 eng d
035 _a(Sirsi) u38787
041 _aeng
100 _aMehdi, N.
245 _aInformation retrieval: the professional practice library
260 _c1990
350 _a0
490 _aEstates Gazette
_v(9020) 19 May 1990, 64-78(2)
520 _aA step by step guide to establishing a library within a small firm of chartered surveyors , covering setting up, acquisition and organisation of material and the effective circulation of information .
690 _aMANAGEMENT-BUSINESS MANAGEMENT-PROFESSIONAL PRACTICE
942 _n0
948 _c04/03/1997
999 _c24899
_d24899